| 000 | 00458nam a22001817a 4500 | ||
|---|---|---|---|
| 003 | CEME | ||
| 005 | 20210628205748.0 | ||
| 008 | 210316b xxu||||| |||| 00| 0 eng d | ||
| 020 | _a969-0-00923-0 | ||
| 040 | _c. | ||
| 082 | _a923.15491 AZH | ||
| 100 |
_aAzhar Sohail _976944 |
||
| 245 | _aGeneral zia-ul-haq kay giyara saal | ||
| 260 |
_aLAHORE _bFEROZE SONS _c1995 |
||
| 300 | _a100P | ||
| 650 |
_aZIA-UL-HAQ KAY GIYARA SAAL _976945 |
||
| 942 |
_cBK _2ddc |
||
| 999 |
_c582255 _d582255 |
||